000 00520nam a2200181Ia 4500
005 20250326141459.0
008 250326s9999 xx 000 0 und d
037 _aTextbook
040 _aFMSL
_beng
_cFMSL
041 _aeng
_2eng
084 _aX N9
_qFMSL
100 _aIndia Govt OF ...
245 0 _aNational accounts statistics : Sources and methods1989
_cIndia Govt OF ...
260 _aNew Delhi
_bNew Delhi, Govt of India
_c1989
300 _a380p
942 _cTB
_hX N9
999 _c1290502
_d1290502